Poultry science

Đã lưu trong:
Bibliografiske detaljer
Hovedforfatter: Scanes, Colin G.
Format: Bog
Sprog:Undetermined
Udgivet: New Jersey Pearson Prentice Hall 2004
Fag:
Tags: Tilføj Tag
Ingen Tags, Vær først til at tagge denne postø!
Thư viện lưu trữ: Trung tâm Học liệu Trường Đại học Cần Thơ
LEADER 00510nam a2200193Ia 4500
001 CTU_97548
008 210402s9999 xx 000 0 und d
020 |c 109.2 
082 |a 636.5 
082 |b S283 
100 |a Scanes, Colin G. 
245 0 |a Poultry science 
245 0 |c Colin G. Scanes, George Brant, M. E. Ensminger 
260 |a New Jersey 
260 |b Pearson Prentice Hall 
260 |c 2004 
650 |a Poultry 
904 |i M.Loan 
980 |a Trung tâm Học liệu Trường Đại học Cần Thơ